| 000 | 00748nam a2200217Ii 4500 | ||
|---|---|---|---|
| 003 | JO-AjNU | ||
| 008 | 230605s9999||||xx |||||||||||||| ||und|| | ||
| 017 | _a1994/7/662 | ||
| 040 |
_aJO-AjNU _bara _erda _cJO-AjNU |
||
| 041 | _aara | ||
| 050 | 1 | 4 | _aHV40.G43 1994 |
| 100 | 3 |
_aغرايبة، فيصل, _eauthor _947697 |
|
| 245 | 0 | 0 | _aاربعون عاما من العمل الاجتماعي الاردني في ظل الحسين بن طلال |
| 264 | 3 | 1 | _aعمان: وزارة الشباب، 1994 |
| 300 | _a36ص | ||
| 336 |
_atext _btxt _2rdacontent |
||
| 337 |
_aunmediated _bn _2rdamedia |
||
| 338 |
_avolume _bnc _2rdacarrier |
||
| 490 | 0 | _aسلسلة التثقيف الشبابي؛ 18 | |
| 650 | 4 |
_aالعمل الاجتماعي _947698 |
|
| 999 |
_aA20840 _c24408 _d24408 |
||